000 00700nam a2200229Ia 4500
003 GCL
008 140319s9999 xx 000 0 ara d
040 _aGCL /
_cGCL
082 0 4 _a330.9
_bش ق
100 1 _aشريف دلاور
245 1 0 _aقضايا ومعالم فى طريق الاصلاح الاقتصادى /
_cشريف دلاور
260 _a[S.N] :
_bالمكتبة الاكاديمية ،
_c1994
300 _a264 ص
490 _a
650 0 4 _aالتخطيط الاقتصادى
650 0 4 _aالادارة
650 0 4 _aالتنمية الاقتصادية
650 0 4 _aراس المال
650 0 4 _aالراسمالية
650 0 4 _aالانتاج
942 _2ddc
_cBK
999 _c37037
_d37037